Miasta w województwie podlaskim - Statystyki

Ogólne statystyki
  • Ten quiz został rozwiązany 132 razy
  • Średni wynik to 27 z 40
Statystyki odpowiedzi
Populacja Miasto % Poprawnych
292 058 Białystok
100%
68 434 Suwałki
100%
59 965 Łomża
99%
29 108 Augustów
97%
19 056 Hajnówka
83%
6 069 Choroszcz
82%
4 935 Sejny
81%
13 421 Siemiatycze
78%
4 366 Supraśl
77%
4 388 Ciechanowiec
73%
20 983 Grajewo
73%
9 468 Mońki
73%
20 944 Zambrów
73%
23 932 Bielsk Podlaski
72%
8 644 Czarna Białostocka
72%
9 871 Kolno
72%
9 001 Wysokie Mazowieckie
71%
5 026 Dąbrowa Białostocka
68%
17 168 Sokółka
67%
1 688 Jedwabne
65%
14 504 Łapy
64%
1 866 Tykocin
63%
12 655 Wasilków
63%
2 080 Lipsk
62%
2 642 Knyszyn
59%
1 066 Kleszczele
56%
1 407 Rajgród
55%
2 051 Suchowola
55%
974 Suraż
55%
2 016 Szepietowo
55%
3 523 Brańsk
54%
1 771 Drohiczyn
54%
2 099 Nowogród
54%
2 489 Zabłudów
54%
2 156 Krynki
53%
3 159 Szczuczyn
53%
2 501 Czyżew
51%
2 770 Michałowo
51%
2 015 Stawiski
51%
1 721 Goniądz
47%
Nie znaleziono quizów pasujących do podanych kryteriów
Rozkład punktacji
Procent ludzi z każdym wynikiem
Percentyl według liczby udzielonych odpowiedzi
Twoja historia wyników
Nie rozwiązałeś tego quizu